Основы программирования на C#. Лабораторный практикум: учебно-методическое пособие
| Autor principal: | |
|---|---|
| Autor corporatiu: | |
| Altres autors: | |
| Sumari: | Заглавие с титульного экрана В пособии рассматриваются основы языка программирования С#, основные его конструкции и типы данных, среда разработки Visual Studio 2022, базовые элементы управления; содержатся указания и задания для выполнения лабораторных работ. Предназначено для студентов, обучающихся по направлениям 220400 «Управление в технических системах», 220700 «Автоматизация технологических процессов и производств», 221000 «Мехатроника и робототехника», 222000 «Инноватика», 230100 «Информатика и вычислительная техника» AM_TPU_network |
| Idioma: | rus |
| Publicat: |
Томск, Изд-во ТПУ, 2025
|
| Matèries: | |
| Accés en línia: | https://www.lib.tpu.ru/fulltext2/m/2025/m10.pdf |
| Format: | MixedMaterials Electrònic Llibre |
| KOHA link: | https://koha.lib.tpu.ru/cgi-bin/koha/opac-detail.pl?biblionumber=679638 |
MARC
| LEADER | 00000nam0a2200000 4500 | ||
|---|---|---|---|
| 001 | 679638 | ||
| 005 | 20250415103806.0 | ||
| 010 | |a 978-5-4387-1230-5 | ||
| 090 | |a 679638 | ||
| 100 | |a 20250411d2025 m||y0rusy50 ca | ||
| 101 | 0 | |a rus | |
| 102 | |a RU | ||
| 105 | |a a j 001yy | ||
| 135 | |a drcn ---uucaa | ||
| 181 | 0 | |a i |b e | |
| 182 | 0 | |a b | |
| 183 | 0 | |a cr |2 RDAcarrier | |
| 200 | 1 | |a Основы программирования на C#. Лабораторный практикум |e учебно-методическое пособие |f А. Ю. Демин, В. А. Дорофеев |g Национальный исследовательский Томский политехнический университет | |
| 203 | |a Текст |c электронный |b визуальный | ||
| 210 | |a Томск |c Изд-во ТПУ |d 2025 | ||
| 215 | |a 1 файл (2,73 МБ, 141 с.) | ||
| 283 | |a online_resource |2 RDAcarrier | ||
| 300 | |a Заглавие с титульного экрана | ||
| 320 | |a Список литературы: 8 назв | ||
| 330 | |a В пособии рассматриваются основы языка программирования С#, основные его конструкции и типы данных, среда разработки Visual Studio 2022, базовые элементы управления; содержатся указания и задания для выполнения лабораторных работ. Предназначено для студентов, обучающихся по направлениям 220400 «Управление в технических системах», 220700 «Автоматизация технологических процессов и производств», 221000 «Мехатроника и робототехника», 222000 «Инноватика», 230100 «Информатика и вычислительная техника» | ||
| 371 | 0 | |a AM_TPU_network | |
| 606 | |a C |x Язык программирования |9 71737 | ||
| 610 | 1 | |a лабораторные работы | |
| 610 | 1 | |a Visual Studio | |
| 610 | 1 | |a линейные алгоритмы | |
| 610 | 1 | |a разветвляющиеся алгоритмы | |
| 610 | 1 | |a циклические алгоритмы | |
| 610 | 1 | |a битовые операции | |
| 610 | 1 | |a классы | |
| 610 | 1 | |a объекты | |
| 610 | 1 | |a строки | |
| 610 | 1 | |a массивы | |
| 610 | 1 | |a компьютерная графика | |
| 610 | 1 | |a анимация | |
| 610 | 1 | |a рекурсия | |
| 610 | 1 | |a электронный ресурс | |
| 610 | 1 | |a учебно-методические пособия | |
| 610 | 1 | |a труды учёных ТПУ | |
| 675 | |a 004.438(076.5) |v 4 | ||
| 700 | 1 | |a Дёмин |b А. Ю. |c специалист в области информатики и вычислительной техники |c доцент Томского политехнического университета, кандидат технических наук |f 1973- |g Антон Юрьевич |9 11332 | |
| 701 | 1 | |a Дорофеев |b В. А. |c специалист в области информатики и вычислительной техники |c старший преподаватель Томского политехнического университета |f 1980- |g Вадим Анатольевич |9 11782 | |
| 712 | 0 | 2 | |a Национальный исследовательский Томский политехнический университет |c (2009- ) |9 26305 |4 570 |
| 801 | 0 | |a RU |b 63413507 |c 20250411 |g RCR | |
| 850 | |a 63413507 | ||
| 856 | 4 | |u https://www.lib.tpu.ru/fulltext2/m/2025/m10.pdf |z https://www.lib.tpu.ru/fulltext2/m/2025/m10.pdf | |
| 942 | |c CF | ||